Management accounting for non-specialists (Record no. 1257625)

MARC details
000 -LEADER
fixed length control field 00522nam a2200181Ia 4500
005 - DATE AND TIME OF LATEST TRANSACTION
control field 20250317125018.0
008 - FIXED-LENGTH DATA ELEMENTS--GENERAL INFORMATION
fixed length control field 008 250317s9999 xx 000 0 eng d
040 ## - CATALOGING SOURCE
Original cataloging agency FMSL
Language of cataloging eng
Transcribing agency FMSL
041 ## - LANGUAGE CODE
Language code of text/sound track or separate title eng
Source of code eng
084 ## - COLON CLASSIFICATION NUMBER
Classification number X:8F N5
Assigning agency FMSL
100 ## - MAIN ENTRY--PERSONAL NAME
Personal name Mclaney E
9 (RLIN) 743301
245 #0 - TITLE STATEMENT
Title Management accounting for non-specialists
260 ## - PUBLICATION, DISTRIBUTION, ETC.
Place of publication, distribution, etc. New Delhi
Name of publisher, distributor, etc. New Delhi, Prentice-Hall
Date of publication, distribution, etc. 1995
300 ## - PHYSICAL DESCRIPTION
Extent 330p
942 ## - ADDED ENTRY ELEMENTS (KOHA)
Koha item type Textbook
Classification part X:8F N5

No items available.

Copyright @ Delhi University Library System